| 000 | 00477 a2200169 4500 | ||
|---|---|---|---|
| 999 |
_c5007 _d5007 |
||
| 020 | _a0813521378 | ||
| 050 | 0 | 0 |
_aPS3565 OLS 1960 _aPS3565 OLS 1960 |
| 100 | 1 |
_aOlsen, Tillie. _eauthor |
|
| 245 | 1 | 0 |
_aTell me a riddle : _ba collection / _cTillie Olsen |
| 250 | _a[1st ed.] | ||
| 264 |
_aNew York : _bDell Publishing, _c1960. |
||
| 300 | _a156 p. | ||
| 500 | _anovel | ||
| 650 |
_aCancer Patients _xFiction |
||
| 650 |
_aMarried women _xFiction |
||
| 942 |
_2lcc _cBK _h3565 _iOLS _kPS |
||